Gaming Quiz

Random Gaming or Alphabet Quiz

Final Fantasy A-Z Quiz Stats

 Plays Quiz not verified by Sporcle

Challenge
Share
Tweet
Embed
Score 0/26 Timer 06:00
0 Plays Today
Hint Answer % Correct
This summon doubles as a castle (Starts with an A)Alexander
87.6%
Horse-Riding Slicer of a Summon (O)Odin
87.4%
The series' most beloved black mage (V)Vivi
86.1%
This is hottest of the summons (I)Ifrit
84.8%
The long lost foster mother / Evil Sorceress (E)Edea
78.7%
The World of Final Fantasy X (S)Spira
76.1%
Childhood Friend of Vaan's (P)Penelo
75.8%
Food Connoisseur, Blue Mage (Q)Quina
75.1%
This is one of the only restorative summons (C)Carbuncle
70.2%
Western continent city, hometown of Yuffie (W)Wutai
66.6%
Final Boss of Final Fantasy V (stretch of the actual spelling) (X)Ex-Death
64.6%
One of Laguna's sidekicks (Also probably a good thing they never hooked up) (K)Kiros
60.9%
Surprise! Kuja's not the last boss, this guy is (N)Necron
58.1%
Hint Answer % Correct
Female Heroine of Final Fantasy II (M)Maria
56.8%
Theater Troupe / Tactical Princess Kidnapping Unit (T)Tantalus
56.5%
The series' only playable abominable snowman (U)Umaro
56.1%
Guardian of the Lunarians, Protagonist's Uncle (F)Fusoya
56%
Lunarian bent on taking over earth, good at mind control (Z)Zemus
55%
This job has mad ups (D)Dragoon
54%
Renoa's Mother, Laguna's Love Interest (Good thing they never hooked up) (J)Julia
54%
Final Fantasy III (DS) Protagonist (L)Luneth
52.9%
This spell double's your max HP (B)Bubble
42.4%
Old other-world King, Aeris stole his thunder two games later (G)Galuf
38%
Elite hunt mark, 50,112,254 HP (Y)Yiazmat
32.1%
First name of the father of Final Fantasy (H)Hironobu
25.7%
The Go-to offensive paradigm (R)Relentless Assault
22.4%

You're not logged in!

Compare scores with friends on all Sporcle quizzes.
Join for Free
OR
Log In

You Might Also Like...

Show Comments

Extras

Top Quizzes Today


Score Distribution

Your Account Isn't Verified!

In order to create a playlist on Sporcle, you need to verify the email address you used during registration. Go to your Sporcle Settings to finish the process.

Report this User

Report this user for behavior that violates our Community Guidelines.

Details: